00465nam a2200133Ia 4500008004100000082001500041100003800056245012100094260003900215300001600254520001100270650002800281700002200309230907s9999||||xx |||||||||||||| ||und|| a621.3bHAR aMuhammad Haris Khan (00000275063) 0aOptimal Allocation and Sizing of Distributed Generation in Radial Distribution System using Honey Badger Algorithm / aUSPCAS-E, NUST,bIslamabad :c2022 axiii, 41 p. aTH-404 aMS-EEP Thesis MS Thesis aDr Abasin Ulasyar